LIBRARY & INFORMATION CENTRE, KCAET, TAVANUR

ONLINE PUBLIC ACCESS CATALOGUE (OPAC)

Production Technology Manufacturing Processes- Volume-I (Record no. 15423)

MARC details
000 -LEADER
fixed length control field 00303nam a22001097a 4500
020 ## - INTERNATIONAL STANDARD BOOK NUMBER
ISBN 9789383182046
082 ## - DEWEY DECIMAL CLASSIFICATION NUMBER
Classification number 670
Item number KHA/PR
100 ## - MAIN ENTRY--AUTHOR NAME
Personal name Khanna,O.P
245 ## - TITLE STATEMENT
Title Production Technology Manufacturing Processes- Volume-I
260 ## - PUBLICATION, DISTRIBUTION, ETC. (IMPRINT)
Place of publication New Delhi
Name of publisher Dhanpat Rai Publications (P) Ltd
Year of publication 2013
942 ## - ADDED ENTRY ELEMENTS (KOHA)
Koha item type Books
Holdings
Withdrawn status Lost status Damaged status Collection code Home library Current library Shelving location Date acquired Source of acquisition Cost, normal purchase price Full call number Accession Number Koha item type
        KAUAET KAUAET General Stacks 31/03/2018 Aman Books, Calicut 350.00 670 KHA/PR 25625 Books
        KAUAET KAUAET General Stacks 31/03/2018 Aman Books, Calicut 350.00 670 KHA/PR 25626 Books
free website counter